ნორმალური ფორმატი
MARC ფორმატი
ჩანაწერი Corporate Name
ჩანაწერთა რაოდენობა, რომელიც გამოყენებულია: 1
001 - CONTROL NUMBER
- control field: 19045
003 - CONTROL NUMBER IDENTIFIER
- control field: GE_BSU
005 - DATE AND TIME OF LATEST TRANSACTION
- control field: 20230628154831.0
008 - FIXED-LENGTH DATA ELEMENTS
- fixed length control field: 230628|| aca||aabn | a|a d
040 ## - CATALOGING SOURCE
- Original cataloging agency: GE_BSU
- Transcribing agency: GE_BSU
110 ## - HEADING--CORPORATE NAME
- Corporate name or jurisdiction name as entry element: საქ. კულტ., ძეგლთა დაცვისა და სპორტის სამინ., გიორგი ჩუბინაშვილის სახელ.
- Subordinate unit: ქართ. ხელოვნ. ისტ. და ძეგლთა დაცვის კვლ. ეროვნ. ცენტრი.
670 ## - SOURCE DATA FOUND
- Source citation: Work cat.: (GE_BSU): ბერიძე, ვახტანგ 11489, ნიკო ფიროსმანაშვილი = Нико Фиросманашвили, 1862-1918 :
